Logoja - Tietokilpailu #3 - Statistics

Yleistilastot
  • Tätä visaa on pelattu 236 kertaa
  • Keskiarvotulos 11 / 20
Vastaustilastot
Kuvavisa Vastaus % Oikein
Instagram
98%
McDonald's
97%
Gmail
93%
LG
79%
SEAT
75%
Lacoste
74%
Gatorade
68%
Mastercard
67%
Knorr
65%
Chanel
64%
Converse
54%
Wendy's
47%
Lufthansa
40%
Bic
38%
Motorola
37%
Bacardi
29%
Kodak
26%
T-Mobile
19%
Tide
7%
Barclays
5%
Ehtoja vastaavia visoja ei löytynyt
Tulosjakauma
Jokaisen tuloksen saaneiden osuus
Persentiili vastausten määrän mukaan
Tuloshistoriasi
Et ole pelannut tätä visaa